Principles of Statutory Interpretation : (Record no. 36054)

MARC details
000 -LEADER
fixed length control field 01016nam a22002537a 4500
005 - DATE AND TIME OF LATEST TRANSACTION
control field 20180723122351.0
008 - FIXED-LENGTH DATA ELEMENTS--GENERAL INFORMATION
fixed length control field 100514t xxu||||| |||| 00| 0 eng d
010 ## - LCCN (DPL NO)
LC control number ENG-96067 B-437379-382
020 ## - INTERNATIONAL STANDARD BOOK NUMBER
International Standard Book Number 9788180386114
Terms of availability 3195.00
035 ## - SYSTEM CONTROL NUMBER
System control number EN-79600 B-437379-382, B-88978
037 ## - SOURCE OF ACQUISITION
Source of stock number/acquisition DBAD/PUB
037 ## - SOURCE OF ACQUISITION
Source of stock number/acquisition Allied Pub/Ven
040 ## - CATALOGING SOURCE
Original cataloging agency DPL
Language of cataloging Eng
082 ## - DEWEY DECIMAL CLASSIFICATION NUMBER
Classification number 348.54022
100 ## - MAIN ENTRY--PERSONAL NAME
Personal name Guru Prasanna Singh
9 (RLIN) 17274
245 ## - TITLE STATEMENT
Title Principles of Statutory Interpretation :
Statement of responsibility, etc by Guru Prasanna Singh
Remainder of title also containing General Clauses Act, 1897 with notes /
250 ## - EDITION STATEMENT
Edition statement 12th rev, & enl. ed
260 ## - PUBLICATION, DISTRIBUTION, ETC. (IMPRINT)
Place of publication, distribution, etc Gurgaon
Name of publisher, distributor, etc Lexisnexis Butterworths
Date of publication, distribution, etc 2010
270 ## - ADDRESS
Address 14th Floor, Building No. 10, Tower-B, DLF Cyber city, Phase-II
City Gurgaon
Postal code 122002
300 ## - PHYSICAL DESCRIPTION
Extent ccclxvi,1236p.
Dimensions 24cm (Hb)
500 ## - GENERAL NOTE
General note Includes index
942 ## - ADDED ENTRY ELEMENTS (KOHA)
Source of classification or shelving scheme Dewey Decimal Classification
Item type English Books
Call number suffix GUR
Classification part 348.54022
Holdings
Withdrawn status Lost status Source of classification or shelving scheme Damaged status Not for loan Collection code Home library Current library Date acquired Source of acquisition Cost, normal purchase price Total Checkouts Full call number Barcode Date last seen Copy number Cost, replacement price Koha item type Total Renewals
    Dewey Decimal Classification     Non-fiction Bawana Bawana 23/06/2011 Allied /3019/31.3.11/75/4.3.11/31.3.11 3195.00 3 348.54022 GUR B-437382 29/03/2022 1 3195.00 English Books 2
    Dewey Decimal Classification   Not For Loan Reference Central Library Central Library 23/06/2011 Allied /3019/31.3.11/75/4.3.11/31.3.11 3195.00   348.54022 GUR B-437379 23/06/2011 1 3195.00 English Books  
    Dewey Decimal Classification   Not For Loan Non-fiction D.B.Act.Division D.B.Act.Division 05/04/2010 DBAD/PUB 3195.00   348.54022 SIN EN-79600 14/05/2010 1 3195.00 English Books  
    Dewey Decimal Classification     Non-fiction Patel Nagar Patel Nagar 23/06/2011 Allied /3019/31.3.11/75/4.3.11/31.3.11 3195.00   348.54022 GUR B-437380 23/06/2011 1 3195.00 English Books  
    Dewey Decimal Classification     Non-fiction Patel Nagar Patel Nagar 23/07/2018 BPPD/PUB 495.00 5 348.54022 GUR B-88978 22/03/2023   495.00 English Books 4
    Dewey Decimal Classification     Non-fiction Sarojini Nagar Sarojini Nagar 23/06/2011 Allied /3019/31.3.11/75/4.3.11/31.3.11 3195.00   348.54022 GUR B-437381 23/06/2011 1 3195.00 English Books  

© Delhi Public Library
Hit Counter
free hit counter